000
00265nam a2200097Ia 4500
001
1209896
005
20250827024408.0
008
250824s9999 xx 000 0 und d
245
0
_a
KAŞAĞI
_c
ÖMER SEYFETTİN
260
_b
ALTIN KİTAPLAR YAYINLARI
999
_c
1209896
_d
1209896